| 000 | 00675nam a2200277 a 4500 | ||
|---|---|---|---|
| 003 | AR-BaBNM | ||
| 005 | 20251128205117.0 | ||
| 008 | 082120s2002 ||||||||||||||000 | spa|| | ||
| 020 | _a84-321-3052-4 | ||
| 040 | _cAR-BaBNM | ||
| 100 | 1 | _aClavell, Mario | |
| 245 | 0 | 0 | _aSaber hablar |
| 260 |
_aMadrid _bEdiciones Rialp _c1994 |
||
| 300 | _a138 p. | ||
| 650 | 4 | _aRETORICA | |
| 650 | 4 | _aLENGUAJE HABLADO | |
| 650 | 4 | _aEJERCITACION DE LA EXPRESION ORAL | |
| 650 | 4 | _aEXPRESION ORAL | |
| 650 | 4 | _aCOMUNICACION VERBAL | |
| 650 | 4 | _aPERSUASION | |
| 650 | 4 | _aORATORIA | |
| 650 | 4 | _aDISCURSOS | |
| 653 | _aANALISIS DEL DISCURSO | ||
| 942 | _cBK | ||
| 998 | _cMARTIN | ||
| 999 |
_c10026 _d10026 |
||